El pensamiento vivo de Kant
En este libro se localiza un análisis sobre Kan. Su método es la revisión de algunas de las obras fundamentales del filósofo como lo son las tres Críticas, la Fundamentación de la metafísica de las costumbres y La religión dentro de los límites de la mera razón; abordando problemas como las categorí...
Guardado en:
| Hovedforfatter: | |
|---|---|
| Format: | Bog |
| Sprog: | Undetermined |
| Udgivet: |
Buenos Aires, Argentina
Losada
1941
|
| Fag: | |
| Tags: |
Tilføj Tag
Ingen Tags, Vær først til at tagge denne postø!
|
MARC
| LEADER | 00000nam a2200000Ia 4500 | ||
|---|---|---|---|
| 008 | 170316s9999 xx 000 0 und d | ||
| 040 | |a cru BVZT | ||
| 090 | |a 100 B-27p | ||
| 100 | |a Benda, Julien |9 1693 | ||
| 245 | |a El pensamiento vivo de Kant |c / Julien Benda | ||
| 260 | |a Buenos Aires, Argentina |b Losada |c 1941 | ||
| 300 | |a 225 páginas | ||
| 520 | |a En este libro se localiza un análisis sobre Kan. Su método es la revisión de algunas de las obras fundamentales del filósofo como lo son las tres Críticas, la Fundamentación de la metafísica de las costumbres y La religión dentro de los límites de la mera razón; abordando problemas como las categorías, la “cosa en sí”, los imperativos categóricos, la religión fundada en la meditación personal, la naturaleza del sentimiento estético, etc. Todo lo cual, sienta las bases reflexivas para preguntarse al final del libro ¿En qué medida viven todavía las tesis de Kant?. | ||
| 650 | |a FILOSOFÍA |9 5 | ||
| 999 | |c 15683 |d 15683 | ||
| 942 | |c 15 D |h 100 B-27p |2 z | ||
